| 000 | 00850nam a2200265Ia 4500 | ||
|---|---|---|---|
| 003 | OSt | ||
| 005 | 20220928120926.0 | ||
| 006 | a|||||r|||| 00| 0 | ||
| 007 | ta | ||
| 008 | 220927b |||||||| |||| 00| 0 eng d | ||
| 020 | _c5102.5 | ||
| 024 | _a112941 | ||
| 037 |
_b4238, 04/11/2011, New India Book Agency _cTextual |
||
| 040 |
_aSDCL _cSDCL _beng |
||
| 041 |
_2eng _aeng |
||
| 082 | _aL9G:(B28), Q1 | ||
| 100 |
_aKing Michael R _9451371 |
||
| 245 | 0 |
_aNumerical and statistical methods for bioengineering _b Applications in MATLAB. |
|
| 260 |
_aCambridge _bCambridge University Press _c2010 |
||
| 300 |
_axii,581p. _ccm. |
||
| 650 | _aBiophysics | ||
| 700 |
_a Mody Nipa A _9451372 |
||
| 942 |
_hL9G:(B28), Q1 _cTEXL _2CC |
||
| 999 |
_c765444 _d765444 |
||